Sociálny marketing pomáha pri výchove spotrebiteľa

Podstata a význam sociálneho marketingu. Definície sociálneho marketingu. Sociálny verzus klasický marketing. Sociálne problémy a sociálne zmeny. Typy sociálnych zmien podľa času a úrovní v spoločnosti. Sociálny marketing sleduje zmeny v spoločnosti a ak sa vyvíjajú nežiaducim smerom, začne konať. A...

Ausführliche Beschreibung

Gespeichert in:
Bibliographische Detailangaben
1. Verfasser: Čihovská, Viera
Format: Buchkapitel
Sprache:Slowakisch
Schlagworte:
Tags: Tag hinzufügen
Keine Tags, Fügen Sie das erste Tag hinzu!

MARC

LEADER 00000nla a2200000 4500
001 0224388
005 20240502073656.6
041 0 |a slo 
044 |a SK 
245 1 0 |a Sociálny marketing pomáha pri výchove spotrebiteľa  |c Viera Čihovská 
520 |a Podstata a význam sociálneho marketingu. Definície sociálneho marketingu. Sociálny verzus klasický marketing. Sociálne problémy a sociálne zmeny. Typy sociálnych zmien podľa času a úrovní v spoločnosti. Sociálny marketing sleduje zmeny v spoločnosti a ak sa vyvíjajú nežiaducim smerom, začne konať. Aj keď je sociálny marketing na prvý pohľad orientovaný na činnosti neziskového sektora ( environmentálna problematika, násilie, rasizmus, nezamestnanosť, negramotnosť, hlad, zdravotné problémy a pod.), začína sa čoraz viac presadzovať aj v komerčnej sfére. 
610 2 0 |a marketing 
610 2 0 |a marketing sociálny 
610 2 0 |a definície 
610 2 0 |a organizácie neziskové 
610 2 0 |a organizácie ziskové 
610 2 0 |a zodpovednosť spoločenská 
100 1 |a Čihovská, Viera